1230 1207 1027 1809 1527 1728 1270 1359 1159 1083 1741 1020 1789 1909 1954 1467 1149 1198 1216 1078 1524 1237 1050 1037 1134 1780 1245 1206 1881 1363 1515 1017 1505 1841 1223 1465 1725 1542 1298 1985 1700 1308 1564 1979 1630 1279 1171 1809 1513 1398 1568 1484 1566 1067 1605 1297 1816 1250 1121 1824 1570 1896 1399 1418 1352 1648 1680 1212 1157 1109 1331 1067 1013 1526 1547 1886 1451 1860 1484 1762 1093 1757 1541 1018 1249 1460 1536 1727 1846 1684 1602 1510 1350 1904 1647 1670 1073 1514 1395 BCNSPRNW ULIB Ver.6.0+V

เปลี่ยนเป็นภาษาไทย

Change to English
 แสดงรายละเอียดบรรณานุกรม
  กลับหน้าหลัก

Brief Record : Get Marc (ISO 2709) : E-mail record : QR code < ปิดหน้าต่าง
LEADER : 00000nam 2200000uu 4500
001    13399114701
003     ULIB
008    110627s2552||||th 000 0 tha d
099    วจ.WY18^bว387พ
100 0  วัชรีพร อ่อนสด
245 00 พฤติกรรมเอื้ออาทรในการดูแลผู้ป่วยโรคจิตเภท ของนักศึกษาพยาบาล วิทยาลัยพยาบาลบรมราชชนนี สวรรค์ประชารักษ์ นครสวรรค์/^cวัชรีพร อ่อนสด
260    นครสวรรค์ :^bวิทยาลัยพยาบาลบรมราชชนนี สวรรค์ประชารักษ์,^c2552
300    66 หน้า
650  7 การดูแลแบบเอื้ออาทร^xผู้ป่วยโรคจิตเภท^xวิจัย
650  7 วิทยาลัยพยาบาลบรมราชชนนี สวรรค์ประชารักษ์
700 0  สุภาเพ็ญ ปาณะวัฒนพิสุทธิ์
945    ^p0^l0^i031716
945    ^p0^l0^i026545
995    ทศพร
999 ^a ใช้งานได้ทุกระบบ
รายการนี้ยังไม่มีแท็ก
คุณยังไม่ได้ล็อกอิน คุณสามารถมีกิจกรรมร่วมกับเว็บไซต์ได้ แต่ต้องล็อกอินก่อน ::
  ล็อกอิน

รายการสื่อสารสนเทศ

ลำดับที่ ประเภท เลขเรียก/บาร์โค้ด สถานที่ สถานะ
1. งานวิจัย
งานวิจัย
วจ.WY18 ว387พ ฉ.1 
  Barcode: 026545
ห้องสมุดวิทยาเขตสวรรค์ประชารักษ์
►วิจัย
บนชั้น
2. งานวิจัย
งานวิจัย
วจ.WY18 ว387พ ฉ.2 
  Barcode: 031716
ห้องสมุดวิทยาเขตสวรรค์ประชารักษ์
►วิจัย
บนชั้น

รายการใกล้เคียง
    ผู้แต่ง [วัชรีพร อ่อนสด]

    หัวเรื่อง [วิทยาลัยพยาบาลบรมราชชนนี สวรรค์ประชารักษ์]

BibComment


ยังไม่เคยถูกคอมเมนท์

คอมเมนท์ทรัพยากรรายการนี้
  คอมเมนท์: พฤติกรรมเอื้ออาทร..


 Copyright 2026. Bcnsprnw @Library